00378pab a2200133 454500008004000000100002200040245004300062260000900105300001600114362001100130650004100141650002800182773003400210180718b2003 xxu||||| |||| 00| 0 eng d aBanerjee, Sumanta aIndia and Pakistan: Deja vu gone stale c2003 ap.2354-355. a14 Jun aIndia - Foreign relations - Pakistan aInternational relations aEconomic and Political Weekly